Persos Poppy Playtime par images - Statistiques

Statistiques générales
  • Ce quiz a été pris 70 fois
  • Le résultat moyen est 19 sur 51
Statistiques - réponses
Par images Réponse % Correct
Huggy Wuggy
89%
Poppy
84%
Catnap
77%
Mommy Long Legs
77%
Kissy Missy
73%
Dogday
70%
Player
70%
Prototype
66%
Daddy Long legs
64%
The Doctor
57%
Baby Long Legs
55%
Miss Delight
55%
Ollie
55%
Bron
50%
Giblet
45%
Nightmare Catnap
45%
Nightmare Huggy
45%
Pianosaurus
45%
Cat Bee
43%
Bobby Bearhug
41%
Bunzo Bunny
41%
Lily Lovebraids
41%
Candy Cat
39%
Bubba Bubbaphant
36%
Hoppy Hopscotch
36%
Crafty Corn
34%
Doey the Doughman
34%
Miss Gracie
34%
Kickin Chicken
32%
Mini Huggies
30%
Baba Chops
27%
Boogie Bot
25%
Picky Piggy
25%
Pj Pug-a-pillar
25%
Elliot Ludwig
23%
Touille
23%
Glowby
20%
Poe
20%
Allister Gator
18%
Chum Chompkins
18%
Icky Licky
18%
Maggie Mako
18%
Preston
18%
Simon Smoke
18%
Leith Pierre
16%
Verlanimaux
16%
Theodore Grambell
14%
Rabie Baby
11%
Stella Greyber
9%
Medic Bot
7%
Dr Newman
5%
Aucun quiz correspondant
Distribution des résultats
% des personnes avec chaque résultat
Percentile par nombre de réponses
Votre historique - résultats
Vous n’avez pas pris ce quiz